Представление документа в формате RUSMARC

ПолеНазваниеЗначение
  Тип записи a
  Библиографический уровень m
001 Контрольный номер RU\bookru\bibl\916602
003 Постоянный идентификатор записи http://www.book.ru/book/916602
005 Дата корректировки 20161026112404.9
010 Индекс ISBN __
a ISBN 978-5-406-03461-3
100 Данные общей обработки 0_
a Данные общей обработки 20150101d2015 mk y0rusy50 ca
101 Язык документа 0_
a Язык текста Русский
102 Страна публикации __
a Страна публикации RU
105 Кодированные данные (монография) __
a Кодированные данные (монография) y ||||000yy
200 Заглавие и сведения об ответственности 1_
a Заглавие Математика для экономистов и менеджеров (для бакалавров)
210 Выходные данные __
a Место издания Москва
c Издательство КноРус
d Дата издания 2015
215 Физическое описание __
a Объем 480
330 Аннотация __
a Аннотация Предлагаемый учебник — составная часть учебного комплекса по общему курсу математики. Излагаемые в достаточно краткой форме с необходимыми обоснованиями основные положения учебного материала сопровождаются большим количеством задач, приводимых с решениями и для самостоятельной работы. Там, где это возможно, раскрывается экономический смысл математических понятий, приводятся простейшие приложения математики в экономике (балансовые модели, предельный анализ, эластичность функций, производственные функции, модели динамики и т.п.). Для студентов бакалавриата направлений экономики и менеджмента, а также магистрантов и аспирантов, преподавателей и лиц, занимающихся самообразованием.
606 Тематические рубрики __
a Основная рубрика Математика
2 Код системы local
608 Указатель предметных рубрик __
a Жанр/форма Учебник
2 Код системы local
675 Индекс УДК __
a Индекс УДК 51(075.8)
z Язык издания rus
686 Индексы других классификаций __
a Классификационный индекс 22.1я73
2 Код системы rubbk
700 Автор _1
a Фамилия Кремер Н.Ш. под общ. ред. и др.
801 Источник записи _1
a Страна RU
b Организация book_ru
c Дата составления 20150101
g Правила каталогизации RCR
856 Электронный адрес документа 4_
u Универсальный указатель ресурса (URL) http://www.book.ru/book/916602
951 __
a http://www.book.ru/book/916602